LEADER 01241nam a2200301 a 4500 001 000000122105 003 CaOOAMICUS 005 20100607093252.0 008 100607t2009 it u000 u ita r 020 $a978-88-311-2446-1 040 $aPUL$bita$dReb 082 04$a307.76 100 1 $aMencacci, Luca.$0(OLS)http://pul/name/76555 245 12$aL'eclissi dell'utopia urbana /$cLuca Mencacci. 260 $aRoma :$bCittà Nuova,$c©2009. 300 $a184 p. ;$c20 cm 490 1 $aSocietà e socialità ;$v25 504 $aBibliografia: p. [171]-176. 650 4$aGlobalizzazione (sociologia).$0(OLS)http://pul/subject/33702 650 4$aSocietà$xMetropoli.$0(OLS)http://pul/subject/36923 830 0$aSocietà e socialità ;$v25.$0(OLS)http://pul/title/97044 850 $aPUL 852 $aPUL$W1$xSL Diritto e Scienze Sociali 3$y79$m307. 76 MENLU 1$j140143$qDDC 21$B139322$CPULBib$Z2$F139322 $H113977 $82 941 1 $a9 996 $6020$a978-88-311-2446-1$9(OLS)http://pul/number/144458 996 $6082$a307.76$9(OLS)http://pul/classification/577 996 $6245$aL'eclissi dell'utopia urbana$9(OLS)http://pul/title/153653 996 $6260$aRoma :$bCittà Nuova$9(OLS)http://pul/publisher/47927 LEADER 01472nam a2200337 a 4500 001 000000133116 003 CaOOAMICUS 005 20130312135655.0 008 130312s2011 it d u000 u ita r 020 $a978-88-213-0806-2 040 $aPUL$bita 082 04$a370.1 100 1 $aPellerey, Michele.$0(OLS)http://pul/name/81949 245 10$aEducare :$bper una pedagogia intesa come scienza pratico-progettuale /$cMichele Pellerey, Dariusz Grzadziel . 250 $a2. ed. 260 $aRoma :$bLAS,$c©2011. 300 $a359 p. :$bgrafici ;$c24 cm 490 1 $aEnciclopedia delle scienze dell'educazione ;$v69 504 $aInclude riferimenti bibliografici. 650 14$aEducazione.$0(OLS)http://pul/subject/4579 650 4$aPedagogia$xEducazione.$0(OLS)http://pul/subject/28128 700 1 $aGrzadziel, Dariusz.$0(OLS)http://pul/name/85790 830 0$aEnciclopedia delle scienze dell'educazione ;$v69.$0(OLS)http://pul/title/134150 850 $aPUL 852 $aPUL$W1$xSL Diritto e Scienze Sociali 3$y79$m370. 1 PELMI 1$j153054$qDDC 21$B152550$CPULBib$Z2$F152550 $H121882 $82 941 1 $a9 996 $6020$a978-88-213-0806-2$9(OLS)http://pul/number/152091 996 $6082$a370.1$9(OLS)http://pul/classification/413 996 $6245$aEducare :$bper una pedagogia intesa come scienza pratico-progettuale$9(OLS)http://pul/title/168188 996 $6260$aRoma :$bLAS$9(OLS)http://pul/publisher/48069